LEADER 01392nas 2200409-a 450 001 9910892936503321 005 20260218112138.0 035 $a(DE-599)ZDB2693091-2 035 $a(CKB)991042728226982 035 $a(CONSER)--2002208041 035 $a(DE-599)2693091-2 035 $a(EXLCZ)99991042728226982 100 $a20020627a20009999 --- - 101 0 $apol 181 $ctxt$2rdacontent 182 $cc$2rdamedia 183 $acr$2rdacarrier 200 00$aBiuletyn historii Pogranicza 210 $aBia?ystok $cPolskie Towarzystwo Historyczne, Oddzia? w Bia?ymstoku$d2000- 215 $a1 online resource 311 08$aPrint version: Biuletyn historii Pogranicza. 1641-0033 (DLC) 2002208041 (OCoLC)50074436 606 $aPolish people$zFormer Polish Eastern Territories$xHistory 606 $aPolish people$2fast$3(OCoLC)fst01715992 607 $aFormer Polish Eastern Territories$xHistory 607 $aEurope$zFormer Polish Eastern Territories$2fast 607 $aPolen$2gnd 607 $aBelarus$2gnd 607 $aUkraine$2gnd 608 $aHistory.$2fast 615 0$aPolish people$xHistory. 615 7$aPolish people. 712 02$aPolskie Towarzystwo Historyczne.$bOddzia? w Bia?ymstoku. 906 $aJOURNAL 912 $a9910892936503321 920 $aexl_impl conversion 996 $aBiuletyn historii Pogranicza$94233316 997 $aUNINA